<?xml version="1.0" encoding="UTF-8"?>
<record
    xmlns:xsi="http://www.w3.org/2001/XMLSchema-instance"
    xsi:schemaLocation="http://www.loc.gov/MARC21/slim http://www.loc.gov/standards/marcxml/schema/MARC21slim.xsd"
    xmlns="http://www.loc.gov/MARC21/slim">

  <leader>01888    a2200241   4500</leader>
  <controlfield tag="001">38</controlfield>
  <controlfield tag="005">20260407155404.0</controlfield>
  <controlfield tag="008">260407a2004    arg                 spa d</controlfield>
  <controlfield tag="003">AR-UNSa-BCEJYS</controlfield>
  <datafield tag="040" ind1=" " ind2=" ">
    <subfield code="a">AR-UNSa-BCEJYS</subfield>
    <subfield code="b">spa</subfield>
    <subfield code="c">AR-UNSa-BCEJYS</subfield>
  </datafield>
  <datafield tag="080" ind1=" " ind2=" ">
    <subfield code="a">347.440</subfield>
    <subfield code="x">Tipos de contratos (Fideicomisos)</subfield>
  </datafield>
  <datafield tag="245" ind1="1" ind2="0">
    <subfield code="a">Tratado de fideicomiso</subfield>
  </datafield>
  <datafield tag="020" ind1=" " ind2=" ">
    <subfield code="a">978-950-14-1942-9</subfield>
  </datafield>
  <datafield tag="250" ind1=" " ind2=" ">
    <subfield code="a">2a. ed.</subfield>
  </datafield>
  <datafield tag="264" ind1=" " ind2="1">
    <subfield code="a">Buenos Aires :</subfield>
    <subfield code="b">Depalma</subfield>
    <subfield code="c">2004</subfield>
  </datafield>
  <datafield tag="300" ind1=" " ind2=" ">
    <subfield code="a">832 p.</subfield>
    <subfield code="c">22 cm.</subfield>
  </datafield>
  <datafield tag="505" ind1=" " ind2=" ">
    <subfield code="a">1. Los negocios fiduciarios y el fideicomiso - 2. El dominio fiduciario - 3. Modos de adquisici&#xF3;n del dominio fiduciario. Cuestiones registrales que plantea el dominio fiduciario - 4. Extinci&#xF3;n del dominio fiduciario - 5. El patrimonio fiduciario - 6. El contrato de fideicomiso. Antecedentes de la Ley 24.441 (T&#xED;tulo I: "Del fideicomiso"). Fuentes Latinoamericanas. An&#xE1;lisis del fideicomiso como contrato - 7. Facultades y obligaciones del due&#xF1;o fiduciario - 8. Responsabilidad del fiduciario por incumplimiento de las obligaciones impuestas por el fideicomiso - 9. El fiduciante, el beneficiario y el fideicomisario. El comit&#xE9; t&#xE9;cnico y la asamblea de beneficiarios - 10. La insuficiencia del patrimonio fideicomitido y su liquidaci&#xF3;n. El fideicomiso frente al concurso y la quiebra. El fideicomiso y la reestructuraci&#xF3;n de bancos (art. 35 bis, LEF) - 11. Fideicomiso de garant&#xED;a - 12. Fideicomiso testamentario - 13. Fideicomiso p&#xFA;blico. El estado como fideicomitente - 14. Titulizaci&#xF3;n - 15. Fideicomiso financiero. Fideicomiso ordinario p&#xFA;blico. Fondos de inversi&#xF3;n directa. Reglamentaci&#xF3;n de la CNV - 16. R&#xE9;gimen tributario del fideicomiso </subfield>
  </datafield>
  <datafield tag="041" ind1=" " ind2=" ">
    <subfield code="a">spa</subfield>
  </datafield>
  <datafield tag="942" ind1=" " ind2=" ">
    <subfield code="c">BK</subfield>
  </datafield>
  <datafield tag="590" ind1=" " ind2=" ">
    <subfield code="a">niveau_biblio:m niveau_hierar:0</subfield>
  </datafield>
  <datafield tag="100" ind1="1" ind2=" ">
    <subfield code="a">Kiper, Claudio M.</subfield>
  </datafield>
  <datafield tag="856" ind1="4" ind2="1">
    <subfield code="u">https://biblioeco.unsa.edu.ar/pmb/images/libros/Tratado de fideicomiso-l116463.jpg</subfield>
    <subfield code="y">Imagen de portada</subfield>
    <subfield code="q">image/jpeg</subfield>
  </datafield>
  <datafield tag="999" ind1=" " ind2=" ">
    <subfield code="c">30</subfield>
    <subfield code="d">30</subfield>
  </datafield>
  <datafield tag="952" ind1=" " ind2=" ">
    <subfield code="0">0</subfield>
    <subfield code="1">0</subfield>
    <subfield code="4">0</subfield>
    <subfield code="7">0</subfield>
    <subfield code="a">BCEJYS</subfield>
    <subfield code="b">BCEJYS</subfield>
    <subfield code="c">16</subfield>
    <subfield code="d">2026-04-07</subfield>
    <subfield code="l">0</subfield>
    <subfield code="o">347.440 K57 2ed.</subfield>
    <subfield code="p">L116463</subfield>
    <subfield code="r">2026-04-07 15:54:04</subfield>
    <subfield code="w">2026-04-07</subfield>
    <subfield code="y">L</subfield>
  </datafield>
  <datafield tag="952" ind1=" " ind2=" ">
    <subfield code="0">0</subfield>
    <subfield code="1">0</subfield>
    <subfield code="4">0</subfield>
    <subfield code="7">0</subfield>
    <subfield code="a">BCEJYS</subfield>
    <subfield code="b">BCEJYS</subfield>
    <subfield code="c">16</subfield>
    <subfield code="d">2026-04-07</subfield>
    <subfield code="l">0</subfield>
    <subfield code="o">347.440 K57 2ed.</subfield>
    <subfield code="p">L116464</subfield>
    <subfield code="r">2026-04-07 15:54:04</subfield>
    <subfield code="w">2026-04-07</subfield>
    <subfield code="y">L</subfield>
  </datafield>
  <datafield tag="952" ind1=" " ind2=" ">
    <subfield code="0">0</subfield>
    <subfield code="1">0</subfield>
    <subfield code="4">0</subfield>
    <subfield code="7">0</subfield>
    <subfield code="a">BCEJYS</subfield>
    <subfield code="b">BCEJYS</subfield>
    <subfield code="c">16</subfield>
    <subfield code="d">2026-04-07</subfield>
    <subfield code="l">0</subfield>
    <subfield code="o">347.440 K57 2ed.</subfield>
    <subfield code="p">L116465</subfield>
    <subfield code="r">2026-04-07 15:54:04</subfield>
    <subfield code="w">2026-04-07</subfield>
    <subfield code="y">L</subfield>
  </datafield>
</record>
